LDR 00945naa#a2200157#i#450# 001 RU\\bibl\20107 005 20260702000303.4 100 ## _a20260630b2026####ek#y0rusy0150####ca 102 ## _aRU 200 1# _aИНФОРМАЦИОННАЯ СИСТЕМА ДЛЯ АВТОМАТИЗАЦИИ РАБОТЫ С ДАННЫМИ В ОБРАЗОВАТЕЛЬНОМ ПРОЦЕССЕ _eСтатья/тезисы конференции 210 1# _aВоронеж _cВоронежский государственный лесотехнический университет имени Г.Ф. Морозова _d2026 215 ## _a4 с. 608 ## _aСтатья/тезисы конференции _2local 675 ## _aПрикладные системы искусственного интеллекта. Интеллектуальные системы, обладающие знаниями. 004.89 _z 700 #1 _aБордюжа _gОлег Леонидович 856 4# _abibl.vgltu.ru _u